000 00297nam a22001337a 4500
008 181105b xxu||||| |||| 00| 0 eng d
020 _a9780312073879
041 _aeng
080 _24th
_a101
100 _a24
101 _aFIL
245 _aEthics for Modern Life
_cAbelson,R
942 _2udc
_cBK
999 _c51825
_d51825